| 000 | 00000cas 2200000zi 4500 |
| 001 | 9.838743 |
| 003 | CaOODSP |
| 005 | 20260401105851 |
| 006 | m o d f |
| 007 | cr cn||||||||| |
| 008 | 170622c20149999qucar p o f0 a0eng|d |
| 020 | |z9780660063782 |
| 022 | |a2560-9017 |
| 040 | |aCaOODSP|beng|erda|cCaOODSP |
| 043 | |an-cn--- |
| 086 | 1 |aEn11-15E-PDF|zEn14-262/2016E-PDF |
| 222 | 0|aGreenhouse gas emissions performance for the ... model year light-duty vehicle fleet |
| 245 | 00|aGreenhouse gas emissions performance for the ... model year light-duty vehicle fleet : |bin relation to the Passenger Automobile and Light Truck Greenhouse Gas Emission Regulations under the Canadian Environmental Protection Act, 1999. |
| 246 | 1 |iIssue for 2011 to 2016 has cover title: |aGreenhouse gas emissions performance model year ... light-duty vehicle fleet |
| 264 | 1|aGatineau, QC : |bEnvironment and Climate Change Canada = Environnement et changement climatique Canada, |c[2016]- |
| 310 | |aAnnual |
| 336 | |atext|btxt|2rdacontent |
| 337 | |acomputer|bc|2rdamedia |
| 338 | |aonline resource|bcr|2rdacarrier |
| 362 | 1 |aBegan with: 2011 to 2014. |
| 500 | |aIssued also in French under title: Rendement des émissions de gaz à effet de serre du parc de véhicules légers pour les années de modèle ... |
| 588 | |aDescription based on: 2011 to 2014; title from PDF cover page. |
| 588 | |aLatest issue consulted: 2020. |
| 650 | 0|aAutomobiles|xMotors|xExhaust gas|zCanada|vPeriodicals. |
| 650 | 0|aTrucks|xMotors|xExhaust gas|zCanada|vPeriodicals. |
| 650 | 0|aGreenhouse gas mitigation|zCanada|vPeriodicals. |
| 655 | 7|aPeriodicals|2lcgft |
| 710 | 1 |aCanada. |bEnvironment and Climate Change Canada, |eissuing body. |
| 775 | 08|tRendement des émissions de gaz à effet de serre du parc de véhicules légers pour les années de modèle ... : |w(CaOODSP)9.838746 |